Statistiken für Kölner McDonalds Filialen

Klicken Sie hier um das Quiz zu spielen!

Allgemein

  • Dieses Quiz wurde 32 mal gespielt
  • Das Durchschnittsergebnis liegt bei 7 aus 24

Antwortstatistiken

PLZStraßeStadteil% Korrekt
50667Hauptbahnhof
Trankgasse 11
Altstadt-Nord
61%
50667Dom
Marzellenstraße 2-8
Altstadt-Nord
54%
50674Rudolfplatz 8-10Altstadt-Nord
50%
50674Barbarossaplatz 1Neustadt-Süd
43%
50858Rhein-Center
Aachener Straße 1253
Weiden
43%
50933Rheinenergiestadion / Müngersdorfer Stadion
Aachener Straße 752
Müngersdorf
43%
50667Schildergasse 60-68Altstadt-Nord
43%
50968Bonner Straße / Bonntor
Koblenzer Straße 2-4
Bayenthal
39%
50679Deutzer Bahnhof
Ottoplatz 7
Deutz
32%
51065Kreuz B8 / B55a
Frankfurter Straße 236
Buchheim
32%
51065Wiener-Platz
Frankfurter Straße 20
Mülheim
32%
50733Nippes Zentrum
Neusser Straße 204
Nippes
29%
50829Autobahn-Anschlussstelle Bocklemünd
Venloer Straße 1410 / Spenrather Weg 11
Bocklemünd
25%
50827Rochusplatz
Venloer Straße 624
Bickendorf
25%
50823Bahnhof Ehrenfeld
Ehrenfeldgürtel 20
Ehrenfeld
18%
51069Dellbrück Zentrum
Bergisch-Gladbacher-Straße 1005
Dellbrück
18%
51063Autobahn-Anschlussstelle Mülheim
Mülheimer Zubringer 142
Mülheim
14%
50858Autobahnkreuz Köln-West
Dürener Straße 433
Marsdorf
11%
51103Bauhaus Kalk
Istanbulstraße 1
Kalk
11%
51447Flughafen
Kennedystraße Terminal 2
Grengel
11%
51105TÜV
Rolshover Straße 380
Poll
7%
51149Airport Businesspark
Edmund-Rumpler-Straße 1
Gremberghoven
4%
50765City-Center Chorweiler
Mailänder Passage 1
Chorweiler
4%
50735Niehler Hafen
Amsterdamer Straße 236
Niehl
4%

Verteilung der Resultate

Perzentil nach korrekt beantworteten Fragen

Anzahl Personen mit jedem Resultat

Ihre Resultats-Entwicklung

Sie haben dieses Quiz noch nicht gespielt